000 00342nam a2200133 a 4500
005 20141022142003.0
008 120307s19uu xx 00 eng d
050 _aCD-ROM
_bAb8 2003
100 _aAbrahams, P.H.
245 _aMcMinn's colour atlas of human anatomy /
_cP.H. Abrahams.
250 _a5th ed.
260 _c2003.
942 _cAVM
999 _c276365
_d276365